Paroles - Je t'aimais, je t'aime, je t'aimerai - Francis Cabrel - Statistiques

Statistiques générales
  • Ce quiz a été pris 261 fois
  • Le résultat moyen est 171 sur 226
Statistiques - réponses
Réponse % Correct
Je
96%
je
96%
Le
95%
le
95%
t'aimais
94%
t'aime
94%
en
93%
et
93%
Et
93%
les
93%
Les
93%
nu
93%
Nu
93%
sur
93%
Sur
93%
t'aimerai
93%
Mon
92%
mon
92%
te
92%
dans
91%
Dans
91%
galets
91%
de
90%
la
88%
tes
88%
enfant
86%
est
86%
cheveux
84%
Comme
84%
comme
84%
tu
84%
Tu
84%
si
83%
un
83%
Un
83%
82%
82%
vent
82%
défaits
78%
L'amour
77%
a
76%
A
76%
Il
76%
vrai
76%
c'est
75%
du
75%
pour
75%
Pour
75%
moindre
74%
partout
74%
pleuvait
74%
sûrement
74%
l'espace
73%
qui
73%
recoins
73%
rêve
73%
s'il
73%
regardes
72%
beau
71%
fasses
71%
lumière
71%
mes
71%
moindres
71%
Seule
71%
seule
71%
t'attardes
71%
d'un
70%
filets
70%
pourrait
70%
tombé
70%
ciel
69%
coffret
69%
ne
69%
poignets
69%
pris
69%
que
67%
Que
67%
quoique
67%
doigts
66%
diamant
65%
fait
65%
suis
65%
vu
65%
jamais
64%
connaît
63%
l'ai
63%
Lui
63%
trajet
63%
qu'il
62%
secrets
61%
Une
61%
prétend
60%
printemps
60%
tellement
60%
Tellement
60%
laquelle
58%
nos
58%
regrets
56%
monde
55%
s'approche
55%
choses
54%
qu'on
54%
repères
54%
seras
54%
même
53%
Défaire
52%
unique
52%
tous
51%
cette
50%
projet
50%
vie
50%
promet
48%
yeux
48%
celle
46%
d'après
46%
On
46%
palais
46%
murs
41%
reflets
41%
mêmes
40%
j'écrirai
37%
plafonds
37%
m'en
35%
quai
35%
trouverai
35%
juste
32%
portraits
31%
s'envolera
31%
dessous
30%
irai
30%
poser
29%
Aucun quiz correspondant
Distribution des résultats
% des personnes avec chaque résultat
Percentile par nombre de réponses
Votre historique - résultats
Vous n’avez pas pris ce quiz